Statistics for General Knowledge Logic Puzzle

Click here to take the quiz!

General Stats

  • This quiz has been taken 64 times
  • The average score is 10 of 15

Answer Stats

HintAnswer% Correct
A famous Composer
Whose name starts
with B is an answer
2
97%
The world's most popular
sport is an answer
PepsiCo
92%
The world's most populated
city is an answer
Russia
86%
The CEO of Amazon is
answer
Baseball
85%
Harry Potter's mom is
an answer
Beethoven
83%
The most popular Soda is
an answer
Elon Musk
81%
Coke's rival is an answerCoca-Cola
75%
The creator of Tesla is an
answer
Jeff Bezos
75%
1+1 is an answerFINISHED!
68%
The longest running TV
show is an answer
Soccer
66%
A sport played with a bat
and a glove is an answer
Lily
59%
An anime in which characters
where headbands is an answer
Tokyo
46%
The world's biggest country
is an answer
Simpsons
42%
The 2023 MLB National League
MVP winner is an answer
Naruto
39%
A term for having
been completed or ended
Ronald Acuna Jr.
12%

Score Distribution

Percentile by Number Answered

Percent of People with Each Score

Your Score History

You have not taken this quiz